[Event "71st RUS-ch Higher League 2018"]
[Site "Yaroslavl"]
[Date "2018.06.26"]
[Round "1"]
[White "Inarkiev, Ernesto"]
[Black "Sarana, Alexey"]
[Result "1/2-1/2"]
[WhiteElo "2684"]
[BlackElo "2573"]
[Annotator "TA"]
[PlyCount "54"]
[EventDate "2018.06.26"]
[EventType "swiss"]
[EventCountry "RUS"]
[SourceTitle "playchess.com"]
[Source "ChessBase"]
[SourceQuality "1"]

{[%evp 25,54,0,0,0,0,0,0,0,0,0,0,0,0,0,0,0,0,0,0,-13,0,0,0,-1,0,0,0,0,0,0,0]} 1. c4 e5 2. Nc3 Nf6 3. Nf3 Nc6 4. g3 Bb4 5. Bg2 O-O 6. O-O e4 7. Ng5 Bxc3 8. bxc3 Re8 9. f3 exf3 10. Nxf3 d5 {A29: Englische Eröffnung (Vierspringer-Variante)} 11. d4 dxc4 12. Bg5 h6 13. Bxf6 Qxf6 {LiveBook: 4 Partien. Die Stellung ist ausgeglichen.} 14. e4 Bg4 15. Qa4 Qd6 {[#]} 16. Rab1 $146 ({Vorgänger:} 16. Rae1 Rab8 17. Qxc4 b5 18. e5 bxc4 19. exd6 cxd6 20. Rxe8+ Rxe8 {½-½ (31) Aronian,L (2765)-Anand,V (2816) Saint Louis 2015}) 16... Rxe4 17. Rxb7 Re2 18. Nh4 $1 Nd8 19. Rbb1 c6 20. Qxc4 {und nun wäre d5 stark für Weiss.} Qe6 21. Qxe6 Bxe6 22. Nf5 Rxa2 23. Ne7+ Kf8 24. Ng6+ $1 Kg8 25. Ne7+ Kf8 26. Ng6+ $1 Kg8 27. Ne7+ Kf8 1/2-1/2

[Event "71st RUS-ch Higher League 2018"]
[Site "Yaroslavl"]
[Date "2018.06.26"]
[Round "1"]
[White "Sjugirov, Sanan"]
[Black "Moskalenko, Alexander"]
[Result "1-0"]
[WhiteElo "2663"]
[BlackElo "2558"]
[Annotator "TA"]
[PlyCount "39"]
[EventDate "2018.06.26"]
[EventType "swiss"]
[EventCountry "RUS"]
[SourceTitle "playchess.com"]
[Source "ChessBase"]
[SourceQuality "1"]

{[%evp 9,39,19,36,29,41,27,28,18,47,24,20,37,36,11,10,10,32,-22,25,12,42,36,36,29,108,136,391,394,474,484,965,914]} 1. e4 e6 2. d4 d5 3. Nc3 h6 4. a3 (4. e5 c5 5. dxc5 Nc6 6. Nf3 Bxc5 7. Bd3 a6 8. O-O Nge7 9. a3 Ba7 10. h3 O-O 11. Bf4 f5 {0-1 (21) Pichot,A (2532)-Cordova,E (2602) San Salvador 2016}) 4... dxe4 5. Nxe4 Nd7 6. Nf3 {C10: Französische Verteidigung (Rubinstein-Variante)} Ngf6 7. Nxf6+ Nxf6 8. Be3 $146 {Weiß hat minimalen Vorteil.} ({Vorgänger:} 8. Bd3 c5 9. Be3 Qc7 10. Qe2 Bd7 11. O-O Bd6 12. dxc5 Bxc5 13. Bxc5 Qxc5 {½-½ (28) De Groot,A (2451)-Van Tienhoven,R (2360) ICCF email 2006}) 8... Nd5 9. Bd2 c5 10. c4 Nf6 11. Bd3 cxd4 12. Qe2 Bc5 13. Ne5 (13. b4 $14 Be7 14. O-O) 13... Nd7 14. O-O Bd6 15. f4 {[%cal Bf2f4,Bf4e5][%mdl 1056] Weiss hat Kompensation.} Qc7 {[%cal Rd7e5]} 16. Rae1 $40 {[%mdl 128] Droht Sxf7! und aus. Weiss hat einigen Angriff.} O-O {[#]} (16... Nc5 $11 {bleibt in der Remisbreite.}) 17. b4 $1 $16 ({Lieber nicht} 17. Qe4 f5 $17) 17... Re8 $2 {[%mdl 8192]} (17... Qd8 $16 {war nötig.}) 18. c5 $18 Bxe5 19. fxe5 Nf8 (19... Nxe5 $142 20. Bf4 f6) 20. Qg4 {Precision: Weiß = 44%, Schwarz = 14%.} 1-0

[Event "71st RUS-ch Higher League 2018"]
[Site "Yaroslavl"]
[Date "2018.06.26"]
[Round "1"]
[White "Dreev, Aleksey"]
[Black "Lomasov, Semen"]
[Result "1/2-1/2"]
[WhiteElo "2657"]
[BlackElo "2549"]
[Annotator "ChessBase"]
[PlyCount "80"]
[EventDate "2018.06.26"]
[EventType "swiss"]
[EventCountry "RUS"]
[SourceTitle "playchess.com"]
[Source "ChessBase"]
[SourceQuality "1"]
[TimeControl "40/5400+30:1800+30"]

1. d4 {[%emt 0:00:00]} Nf6 {[%emt 0:00:05]} 2. Nf3 {[%emt 0:00:00]} e6 {[%emt 0:00:12]} 3. c4 {[%emt 0:00:00]} Bb4+ {[%emt 0:00:22]} 4. Bd2 {[%emt 0:00:17]} Qe7 {[%emt 0:00:20]} 5. g3 {[%emt 0:00:58]} Bxd2+ {[%emt 0:00:36]} 6. Qxd2 {[%emt 0:00:43]} Nc6 {[%emt 0:00:11]} 7. Nc3 {[%emt 0:13:18]} d5 {[%emt 0:00:21]} 8. Ne5 {[%emt 0:07:56]} dxc4 {[%emt 0:12:11]} 9. Nxc6 {[%emt 0:17:38]} bxc6 {[%emt 0:00:45]} 10. Bg2 {[%emt 0:00:44]} O-O {[%emt 0:03:32]} 11. Bxc6 {[%emt 0:01:10]} Rb8 {[%emt 0:00:05]} 12. O-O {[%emt 0:00:05]} Rd8 {[%emt 0:00:50]} 13. Rfd1 {[%emt 0:03:08]} Qd6 {[%emt 0:30:51]} 14. Bg2 {[%emt 0:05:09]} c5 {[%emt 0:05:50]} 15. d5 {[%emt 0:02:17]} exd5 {[%emt 0:01:05]} 16. Nxd5 {[%emt 0:00:27]} Nxd5 {[%emt 0:01:15]} 17. Qxd5 {[%emt 0:03:02]} Qxd5 {[%emt 0:00:35]} 18. Bxd5 {[%emt 0:00:17]} Be6 {[%emt 0:06:18]} 19. Bxe6 {[%emt 0:03:11]} fxe6 {[%emt 0:00:12]} 20. Rxd8+ {[%emt 0:04:09]} Rxd8 {[%emt 0:00:01]} 21. Rc1 {[%emt 0:03:25]} Rd2 {[%emt 0:00:19]} 22. Rxc4 {[%emt 0:01:09]} Rxb2 {[%emt 0:00:50]} 23. a4 {[%emt 0:06:38]} Rb4 {[%emt 0:01:31]} 24. Rxc5 {[%emt 0:00:06]} Rxa4 {[%emt 0:00:03]} 25. Rc7 {[%emt 0:00:13]} Ra2 {[%emt 0:03:36]} 26. Kf1 {[%emt 0:02:36]} Kf8 {[%emt 0:14:18]} 27. f4 {[%emt 0:00:36]} h5 {[%emt 0:06:16]} 28. Kf2 {[%emt 0:01:52]} Ra3 {[%emt 0:00:05]} 29. Rb7 {[%emt 0:01:52]} a5 {[%emt 0:01:47]} 30. Ra7 {[%emt 0:00:13]} h4 {[%emt 0:06:04]} 31. gxh4 {[%emt 0:07:29]} Rh3 {[%emt 0:00:12]} 32. Kg2 {[%emt 0:00:31]} Re3 {[%emt 0:02:43]} 33. Kf2 {[%emt 0:00:40]} Rh3 {[%emt 0:00:07]} 34. e4 {[%emt 0:02:55]} Rxh2+ {[%emt 0:01:24]} 35. Kg3 {[%emt 0:00:19]} Ra2 {[%emt 0:01:00]} 36. Kf3 {[%emt 0:01:31]} Rh2 {[%emt 0:01:15]} 37. Rxa5 {[%emt 0:02:52]} Rxh4 {[%emt 0:00:06]} 38. Ke3 {[%emt 0:00:04]} Kf7 {[%emt 0:01:10]} 39. Ra7+ {[%emt 0:00:39]} Kf8 {[%emt 0:00:23]} 40. Rb7 {[%emt 0:00:00]} Rg4 {[%emt 0:00:18]} 1/2-1/2

[Event "71st RUS-ch Higher League 2018"]
[Site "Yaroslavl"]
[Date "2018.06.26"]
[Round "1"]
[White "Paravyan, David"]
[Black "Sychev, Klementy"]
[Result "1-0"]
[WhiteElo "2634"]
[BlackElo "2527"]
[Annotator "ChessBase"]
[PlyCount "67"]
[EventDate "2018.06.26"]
[EventType "swiss"]
[EventCountry "RUS"]
[SourceTitle "playchess.com"]
[Source "ChessBase"]
[SourceQuality "1"]
[TimeControl "40/5400+30:1800+30"]

1. c4 {[%emt 0:00:00]} g6 {[%emt 0:01:55]} 2. e4 {[%emt 0:00:00]} e5 {[%emt 0:02:43]} 3. d4 {[%emt 0:00:03]} Nf6 {[%emt 0:06:54]} 4. f3 {[%emt 0:00:16]} exd4 {[%emt 0:02:23]} 5. Qxd4 {[%emt 0:00:05]} Nc6 {[%emt 0:02:58]} 6. Qf2 {[%emt 0:00:32]} Bg7 {[%emt 0:07:25]} 7. Nc3 {[%emt 0:01:26]} d6 {[%emt 0:02:06]} 8. Be3 {[%emt 0:00:23]} Be6 {[%emt 0:01:32]} 9. Qd2 {[%emt 0:34:14]} O-O {[%emt 0:18:21]} 10. Rd1 {[%emt 0:00:59]} Nd7 {[%emt 0:09:19]} 11. h4 {[%emt 0:35:02]} h5 {[%emt 0:03:47]} 12. Bg5 {[%emt 0:10:27]} f6 {[%emt 0:07:02]} 13. Bh6 {[%emt 0:00:13]} f5 {[%emt 0:00:04]} 14. Bxg7 {[%emt 0:02:56]} Kxg7 {[%emt 0:01:24]} 15. Nge2 {[%emt 0:01:00]} Bxc4 {[%emt 0:15:06]} 16. Nf4 {[%emt 0:00:03]} Bg8 {[%emt 0:00:53]} 17. exf5 {[%emt 0:04:57]} Rxf5 {[%emt 0:00:10]} 18. Bd3 {[%emt 0:00:05]} Re5+ {[%emt 0:00:11]} 19. Kf2 {[%emt 0:01:05]} Bf7 {[%emt 0:09:13]} 20. Rh3 {[%emt 0:00:12]} Nc5 {[%emt 0:00:38]} 21. Bxg6 {[%emt 0:04:14]} Bxg6 {[%emt 0:01:37]} 22. Nxg6 {[%emt 0:00:03]} Kxg6 {[%emt 0:01:10]} 23. Rg3+ {[%emt 0:00:03]} Kh7 {[%emt 0:03:27]} 24. Qc2+ {[%emt 0:00:03]} Kh8 {[%emt 0:00:03]} 25. Qg6 {[%emt 0:00:03]} Re7 {[%emt 0:01:56]} 26. Qf6+ {[%emt 0:03:02]} Kh7 {[%emt 0:00:01]} 27. Qg6+ {[%emt 0:00:04]} Kh8 {[%emt 0:00:02]} 28. Nd5 {[%emt 0:01:36]} Nd7 {[%emt 0:01:17]} 29. Nf6 {[%emt 0:00:45]} Nxf6 {[%emt 0:00:43]} 30. Qxf6+ {[%emt 0:00:02]} Kh7 {[%emt 0:00:05]} 31. Qg6+ {[%emt 0:00:04]} Kh8 {[%emt 0:00:06]} 32. Rd5 {[%emt 0:00:11]} Ne5 {[%emt 0:01:18]} 33. Rxe5 {[%emt 0:00:10]} dxe5 {[%emt 0:00:26]} 34. Qxh5+ {[%emt 0:00:05]} 1-0

[Event "71st RUS-ch Higher League 2018"]
[Site "Yaroslavl"]
[Date "2018.06.26"]
[Round "1"]
[White "Lysyj, Igor"]
[Black "Moiseenko, Vadim"]
[Result "1-0"]
[WhiteElo "2630"]
[BlackElo "2517"]
[Annotator "TA"]
[PlyCount "71"]
[EventDate "2018.06.26"]
[EventType "swiss"]
[EventCountry "RUS"]
[SourceTitle "playchess.com"]
[Source "ChessBase"]
[SourceQuality "1"]

{[%evp 13,71,70,77,55,43,45,43,27,50,9,29,0,34,-31,0,-68,-57,-69,-64,-79,-82,-70,-60,-103,-84,-96,-87,-147,-133,-135,-145,-137,0,0,0,0,5,2,12,23,296,295,293,296,441,433,439,437,431,433,429,434,440,433,442,443,495,495,462,460]} 1. d4 d5 2. c4 dxc4 3. e3 e5 4. Bxc4 Nc6 (4... exd4 5. exd4 Nf6 6. Nf3 Bd6 7. Qe2+ Qe7 8. Qxe7+ Bxe7 9. O-O O-O 10. Re1 Bd6 11. Nc3 a6 12. Bg5 Nbd7 13. a4 h6 14. Bh4 g5 15. Bg3 Kg7 16. Bb3 Re8 17. Ne5 Re7 {½-½ (17) Li,C (2724)-Alekseenko,K (2625) Qinhuangdao 2018}) 5. Nf3 e4 6. Qb3 {D20: Queen's Gambit Accepted: 3 e3 and 3 e4} Nh6 7. Nfd2 Qg5 {LiveBook: 4 Games} 8. Bf1 {White is better.} f5 9. Nc3 a6 10. Nc4 $146 ({Predecessor:} 10. a3 Nf7 11. h4 Qd8 12. g4 {0-1 (33) Valenzuela Gomez,F (2356)-Salinas Herrera,P (2466) Antofagasta 2017}) 10... Nf7 11. h4 Qd8 12. g4 fxg4 13. Nxe4 (13. Bg2 $14) 13... Be7 $15 14. Bg2 (14. Bd2 $11) 14... O-O 15. Bd2 Be6 $36 {[%mdl 2048] ...b5 is the strong threat. Black is pushing.} 16. Qc2 $1 Nb4 17. Bxb4 Bxb4+ 18. Ke2 h6 19. Rad1 c6 20. Ng3 {[#]} (20. a3 $142 Be7 21. h5) 20... b5 $1 $17 21. Nd2 Nd6 22. a3 Qf6 (22... Bxd2 $17 23. Rxd2 Nc4) 23. Nde4 Nxe4 $1 24. Nxe4 Qf5 $1 25. axb4 Bd5 26. Rd2 $1 {Threatens to win with Ke1.} a5 $2 {[%mdl 8192]} (26... Rae8 $11 {and Black stays safe.} 27. Nd6 Qxf2+ 28. Kd1 Bf3+ 29. Kc1 Qxe3 30. Bxf3 Qxf3) 27. bxa5 $18 Rxa5 28. Rc1 Ra7 (28... g3 {was called for.} 29. f3 (29. fxg3 Qg4+ 30. Ke1 Re8 $18) 29... Raa8) 29. Kf1 {White is clearly winning.} Qh5 30. Ng3 Qxh4 31. e4 Bc4+ {[#]} 32. Kg1 $1 Qg5 33. b3 Bf7 34. Nf1 h5 35. Qxc6 h4 36. Qc5 {Precision: White = 69%, Black = 51%.} 1-0

[Event "71st RUS-ch Higher League 2018"]
[Site "Yaroslavl"]
[Date "2018.06.26"]
[Round "1"]
[White "Khismatullin, Denis"]
[Black "Triapishko, Alexandr"]
[Result "1-0"]
[WhiteElo "2627"]
[BlackElo "2513"]
[Annotator "TA"]
[PlyCount "91"]
[EventDate "2018.06.26"]
[EventType "swiss"]
[EventCountry "RUS"]
[SourceTitle "playchess.com"]
[Source "ChessBase"]
[SourceQuality "1"]

{[%evp 20,91,20,14,43,7,25,0,11,0,30,30,31,35,62,55,117,103,110,110,102,106,110,104,103,97,106,99,119,118,124,142,135,129,123,104,161,153,172,168,260,265,234,239,215,249,355,389,358,371,666,664,657,641,656,657,1127,1120,1107,1069,1116,811,807,804,791,786,29940,6732,29970,29961,29989,29990,29990,920]} 1. d4 Nf6 2. Nf3 g6 3. c4 Bg7 4. e3 O-O 5. Be2 c5 6. d5 e6 7. Nc3 exd5 8. cxd5 d6 9. O-O Bg4 10. h3 {E61: Königsindisch (Abweichungen der Hauptvariante)} Bxf3 11. Bxf3 {LiveBook: 11 Partien} Na6 12. Qb3 $146 {Weiß steht etwas besser.} ({Vorgänger:} 12. Bd2 Rc8 13. Qb3 c4 14. Qxb7 Nc5 15. Qb4 Rb8 16. Qa3 Rb6 17. Rab1 Qb8 {1-0 (67) Anand,V (2775)-Ragger,M (2668) Germany 2014}) 12... Rb8 13. Nb5 Qb6 14. e4 Nc7 15. Nc3 Qa6 16. Bf4 {Und Le2 würde nun gewinnen.} Rfd8 17. a4 $36 {[%mdl 2048] Weiss hat Initiative.} Nd7 ({Besser ist} 17... b5 $14) 18. Be2 $16 Qb6 19. Qc2 a5 20. Ra3 {zielt auf Tb3 ab.} Na6 21. Nb5 Ne5 22. Be3 Re8 23. Re1 Nc7 24. Rb3 Na6 25. f4 Nd7 26. Bc4 Nb4 27. Qb1 Ra8 (27... Bd4 $16 {war nötig.}) 28. Bf2 $18 Rad8 29. Rf3 g5 (29... Bf6 {ist eine bessere Verteidigung.} 30. g4 Bg7) 30. e5 ({Finger weg von} 30. fxg5 $6 Ne5 $16) 30... dxe5 31. fxg5 e4 32. Rxe4 Ne5 (32... Qg6 {war angesagt.} 33. Rxe8+ Rxe8 34. Qxg6 hxg6) 33. Rxe5 Rxe5 34. d6 Rd7 $2 (34... Qc6 35. g6 (35. Bxf7+ Kh8 $16) 35... Qe4 36. gxf7+ Kf8) 35. g6 hxg6 36. Qxg6 {[#] Weiss droht Tg3 und Matt.} Nd5 37. Qg4 Qc6 38. Rg3 {[%csl Gg3][%cal Rg4g7]} f5 39. Qg6 Kf8 40. Rf3 Rf7 41. Bh4 Qe8 {[#]} 42. Nc7 $1 {[%mdl 512]} Re1+ (42... Nxc7 43. Qxf7+) 43. Bxe1 Qxe1+ 44. Rf1 {Weiß setzt Matt.} Qe3+ 45. Kh1 Rf6 46. Nxd5 {Precision: Weiß = 78%, Schwarz = 41%.} (46. d7 $142 Rxg6 47. d8=Q+ Kf7 48. Nxd5 Rf6 49. Nxe3+ Kg6 50. Qd7 Rf8 51. Nxf5) 1-0

[Event "71st RUS-ch Higher League 2018"]
[Site "Yaroslavl"]
[Date "2018.06.26"]
[Round "1"]
[White "Rakhmanov, Aleksandr"]
[Black "Usmanov, Vasily"]
[Result "1-0"]
[WhiteElo "2627"]
[BlackElo "2477"]
[Annotator "ChessBase"]
[PlyCount "79"]
[EventDate "2018.06.26"]
[EventType "swiss"]
[EventCountry "RUS"]
[SourceTitle "playchess.com"]
[Source "ChessBase"]
[SourceQuality "1"]
[TimeControl "40/5400+30:1800+30"]

1. Nf3 {[%emt 0:00:00]} Nf6 {[%emt 0:00:47]} 2. g3 {[%emt 0:00:37]} d5 {[%emt 0:02:49]} 3. Bg2 {[%emt 0:01:26]} c6 {[%emt 0:00:05]} 4. d4 {[%emt 0:00:59]} Bf5 {[%emt 0:00:55]} 5. c4 {[%emt 0:00:59]} e6 {[%emt 0:01:24]} 6. Nc3 {[%emt 0:02:05]} h6 {[%emt 0:11:20]} 7. Qb3 {[%emt 0:01:24]} Qb6 {[%emt 0:00:09]} 8. c5 {[%emt 0:00:13]} Qc7 {[%emt 0:00:24]} 9. Bf4 {[%emt 0:00:09]} Qc8 {[%emt 0:00:04]} 10. Nd2 {[%emt 0:00:11]} Be7 {[%emt 0:04:41]} 11. e4 {[%emt 0:00:19]} Bh7 {[%emt 0:02:50]} 12. O-O {[%emt 0:02:41]} O-O {[%emt 0:00:59]} 13. Rfe1 {[%emt 0:07:00]} Rd8 {[%emt 0:12:31]} 14. Rad1 {[%emt 0:07:56]} Nbd7 {[%emt 0:06:34]} 15. exd5 {[%emt 0:07:21]} Nxd5 {[%emt 0:03:55]} 16. Nxd5 {[%emt 0:11:55]} cxd5 {[%emt 0:00:06]} 17. Rc1 {[%emt 0:10:20]} Bf6 {[%emt 0:09:52]} 18. Qc3 {[%emt 0:09:51]} a5 {[%emt 0:07:14]} 19. Nf1 {[%emt 0:08:29]} Qc6 {[%emt 0:06:34]} 20. Ne3 {[%emt 0:01:42]} Qa4 {[%emt 0:11:08]} 21. Red1 {[%emt 0:04:50]} Rdc8 {[%emt 0:02:19]} 22. Ng4 {[%emt 0:07:37]} Be7 {[%emt 0:00:04]} 23. h4 h5 {[%emt 0:02:46]} 24. Ne5 {[%emt 0:06:56]} Nxe5 {[%emt 0:00:15]} 25. Bxe5 {[%emt 0:00:06]} b6 26. b3 {[%emt 0:04:07]} Qe8 {[%emt 0:06:40]} 27. Qe3 {[%emt 0:01:38]} bxc5 {[%emt 0:05:12]} 28. dxc5 {[%emt 0:00:04]} Rc6 {[%emt 0:00:06]} 29. a3 {[%emt 0:02:10]} Qc8 {[%emt 0:01:16]} 30. b4 {[%emt 0:00:14]} axb4 {[%emt 0:00:02]} 31. axb4 {[%emt 0:00:03]} Qb7 {[%emt 0:00:07]} 32. Bc3 {[%emt 0:00:46]} Ra3 {[%emt 0:02:44]} 33. Qd2 {[%emt 0:00:01]} Bf5 {[%emt 0:00:36]} 34. Bxg7 {[%emt 0:01:24]} Rd3 {[%emt 0:00:31]} 35. Qh6 {[%emt 0:00:13]} Rxd1+ {[%emt 0:00:02]} 36. Rxd1 {[%emt 0:00:03]} Bh7 {[%emt 0:00:23]} 37. Be5 {[%emt 0:02:00]} f6 {[%emt 0:00:43]} 38. Bxf6 {[%emt 0:00:13]} Bf8 {[%emt 0:00:52]} 39. Qg5+ {[%emt 0:00:27]} Kf7 {[%emt 0:00:03]} 40. Bc3 {[%emt 0:00:00]} 1-0

[Event "71st RUS-ch Higher League 2018"]
[Site "Yaroslavl"]
[Date "2018.06.26"]
[Round "1"]
[White "Alekseenko, Kirill"]
[Black "Iskusnyh, Sergei"]
[Result "1/2-1/2"]
[WhiteElo "2621"]
[BlackElo "2473"]
[Annotator "ChessBase"]
[PlyCount "176"]
[EventDate "2018.06.26"]
[EventType "swiss"]
[EventCountry "RUS"]
[SourceTitle "playchess.com"]
[Source "ChessBase"]
[SourceQuality "1"]
[TimeControl "40/5400+30:1800+30"]

1. e4 {[%emt 0:00:00]} e6 {[%emt 0:00:09]} 2. d4 {[%emt 0:00:01]} d5 {[%emt 0:00:06]} 3. Nc3 {[%emt 0:00:18]} Nf6 {[%emt 0:00:13]} 4. e5 {[%emt 0:00:13]} Nfd7 {[%emt 0:00:07]} 5. f4 {[%emt 0:00:23]} c5 {[%emt 0:00:06]} 6. Nf3 {[%emt 0:00:23]} Nc6 {[%emt 0:01:12]} 7. Be3 {[%emt 0:00:20]} Rb8 {[%emt 0:01:42]} 8. Qd2 {[%emt 0:02:41]} Qa5 {[%emt 0:00:15]} 9. Bb5 {[%emt 0:13:17]} a6 {[%emt 0:06:52]} 10. Be2 {[%emt 0:00:23]} b5 {[%emt 0:10:54]} 11. O-O {[%emt 0:01:07]} b4 {[%emt 0:07:09]} 12. Nd1 {[%emt 0:02:31]} cxd4 {[%emt 0:02:24]} 13. Nxd4 {[%emt 0:00:31]} Nxd4 {[%emt 0:00:15]} 14. Bxd4 {[%emt 0:01:12]} Bc5 {[%emt 0:00:26]} 15. Ne3 {[%emt 0:04:54]} O-O {[%emt 0:07:29]} 16. Rfd1 {[%emt 0:15:42]} Qb6 {[%emt 0:06:35]} 17. c4 {[%emt 0:01:15]} bxc3 {[%emt 0:03:08]} 18. bxc3 {[%emt 0:00:07]} a5 {[%emt 0:16:50]} 19. Qd3 {[%emt 0:08:01]} Qc7 {[%emt 0:08:30]} 20. Rab1 {[%emt 0:09:20]} Ra8 {[%emt 0:10:52]} 21. Bxc5 {[%emt 0:05:47]} Qxc5 {[%emt 0:06:22]} 22. Qd4 {[%emt 0:00:45]} Ba6 {[%emt 0:02:11]} 23. Bxa6 {[%emt 0:04:13]} Rxa6 {[%emt 0:00:04]} 24. c4 {[%emt 0:00:20]} dxc4 {[%emt 0:01:42]} 25. Nxc4 {[%emt 0:00:25]} Rc6 {[%emt 0:02:31]} 26. Qxc5 {[%emt 0:01:43]} Rxc5 {[%emt 0:01:13]} 27. Nd6 {[%emt 0:02:54]} Rc6 {[%emt 0:02:50]} 28. Nb7 {[%emt 0:01:36]} Rc7 {[%emt 0:01:02]} 29. Nxa5 {[%emt 0:01:59]} Ra8 {[%emt 0:00:42]} 30. Rb7 {[%emt 0:01:14]} Rxb7 {[%emt 0:00:15]} 31. Nxb7 {[%emt 0:00:05]} Nf8 {[%emt 0:00:25]} 32. Rd2 {[%emt 0:01:28]} g5 {[%emt 0:00:33]} 33. fxg5 {[%emt 0:02:15]} Ra3 {[%emt 0:01:14]} 34. Nc5 {[%emt 0:08:58]} Ng6 {[%emt 0:00:26]} 35. Nd7 {[%emt 0:00:13]} Kg7 {[%emt 0:00:18]} 36. g3 {[%emt 0:00:56]} Ra5 {[%emt 0:00:36]} 37. Re2 {[%emt 0:00:11]} Ne7 {[%emt 0:00:47]} 38. Kg2 {[%emt 0:03:05]} Ra3 {[%emt 0:00:28]} 39. Rb2 {[%emt 0:01:52]} Nc6 {[%emt 0:00:27]} 40. h4 {[%emt 0:00:00]} h6 {[%emt 0:00:33]} 41. gxh6+ {[%emt 0:04:23]} Kxh6 {[%emt 0:00:08]} 42. Kh3 {[%emt 0:02:41]} Rd3 {[%emt 0:12:18]} 43. Rb7 {[%emt 0:04:15]} Ra3 {[%emt 0:01:06]} 44. Rb2 {[%emt 0:13:56]} Rd3 {[%emt 0:00:11]} 45. Rb7 {[%emt 0:00:52]} Ra3 {[%emt 0:00:16]} 46. Rb6 {[%emt 0:00:04]} Ne7 {[%emt 0:07:06]} 47. Nf6 {[%emt 0:01:02]} Ng6 {[%emt 0:05:48]} 48. Ng4+ {[%emt 0:02:06]} Kg7 {[%emt 0:02:29]} 49. h5 {[%emt 0:01:48]} Ne7 {[%emt 0:01:51]} 50. Nf6 {[%emt 0:00:57]} Rxa2 {[%emt 0:01:38]} 51. Rb7 {[%emt 0:03:55]} Nc6 {[%emt 0:00:19]} 52. Ne8+ {[%emt 0:01:00]} Kh6 {[%emt 0:01:24]} 53. Rxf7 {[%emt 0:03:14]} Nxe5 {[%emt 0:00:04]} 54. Rb7 {[%emt 0:02:34]} Kxh5 {[%emt 0:01:44]} 55. Rb5 {[%emt 0:00:22]} Re2 {[%emt 0:00:09]} 56. Ng7+ {[%emt 0:00:16]} Kg6 {[%emt 0:01:10]} 57. Nxe6 {[%emt 0:00:11]} Kf6 {[%emt 0:00:17]} 58. Nd4 {[%emt 0:00:14]} Ra2 {[%emt 0:00:38]} 59. Rb6+ {[%emt 0:00:20]} Kf7 {[%emt 0:00:34]} 60. Nf5 {[%emt 0:00:34]} Ra4 {[%emt 0:00:25]} 61. Nh6+ {[%emt 0:00:32]} Kg7 {[%emt 0:00:23]} 62. g4 {[%emt 0:00:09]} Nxg4 {[%emt 0:00:55]} 63. Nxg4 {[%emt 0:00:06]} Kf7 {[%emt 0:00:11]} 64. Kg3 {[%emt 0:00:17]} Ke7 {[%emt 0:00:08]} 65. Kf3 {[%emt 0:00:20]} Kd7 {[%emt 0:00:09]} 66. Ne5+ {[%emt 0:00:52]} Ke7 {[%emt 0:00:11]} 67. Rh6 {[%emt 0:00:36]} Ra1 {[%emt 0:00:12]} 68. Nc6+ {[%emt 0:00:25]} Kd7 {[%emt 0:00:08]} 69. Ke4 {[%emt 0:00:10]} Re1+ {[%emt 0:00:34]} 70. Kd5 {[%emt 0:00:05]} Rd1+ {[%emt 0:00:06]} 71. Nd4 {[%emt 0:00:04]} Ke7 {[%emt 0:00:04]} 72. Rh3 {[%emt 0:00:31]} Kf7 {[%emt 0:00:28]} 73. Rf3+ {[%emt 0:00:38]} Kg6 {[%emt 0:00:38]} 74. Rf2 {[%emt 0:00:27]} Ra1 {[%emt 0:00:25]} 75. Nc6 {[%emt 0:00:34]} Kg5 {[%emt 0:00:17]} 76. Rf8 {[%emt 0:00:45]} Ra2 {[%emt 0:00:55]} 77. Rf1 {[%emt 0:00:39]} Kg4 {[%emt 0:00:43]} 78. Kd4 {[%emt 0:01:54]} Kg5 {[%emt 0:00:13]} 79. Ne7 {[%emt 0:00:10]} Kg4 {[%emt 0:00:19]} 80. Ke3 {[%emt 0:01:01]} Ra3+ {[%emt 0:00:27]} 81. Ke4 {[%emt 0:00:05]} Ra4+ {[%emt 0:00:07]} 82. Ke5 {[%emt 0:00:05]} Ra5+ {[%emt 0:00:10]} 83. Nd5 {[%emt 0:00:05]} Kg3 {[%emt 0:00:14]} 84. Rf8 {[%emt 0:00:14]} Kg4 {[%emt 0:00:08]} 85. Rf4+ {[%emt 0:00:18]} Kg3 {[%emt 0:00:11]} 86. Rd4 {[%emt 0:00:35]} Kf3 {[%emt 0:00:52]} 87. Kf5 {[%emt 0:00:19]} Rc5 {[%emt 0:01:10]} 88. Rf4+ {[%emt 0:01:15]} Kg3 {[%emt 0:00:31]} 1/2-1/2